1747 1967 1624 1807 1102 1879 1174 1047 1049 1863 1985 1648 1063 1290 1529 1741 1838 1177 1598 1557 1031 1811 1653 1521 1824 1256 1221 1223 1906 1360 1511 1710 1808 1810 1871 1105 1804 1107 1775 1159 1013 1406 1320 1520 1143 1660 1981 1003 1257 1193 1180 1029 1215 1440 1767 1588 1015 1014 1624 1561 1414 1422 1591 1182 1238 1976 1675 1403 1142 1880 1443 1689 1461 1794 1238 1852 1577 1046 1699 1015 1604 1356 1997 1168 1602 1048 1515 1503 1442 1059 1652 1332 1184 1396 1608 1821 1403 1491 1936 BCNSPRNW ULIB Ver.6.0+V

เปลี่ยนเป็นภาษาไทย

Change to English
 แสดงรายละเอียดบรรณานุกรม
  กลับหน้าหลัก

Brief Record : Get Marc (ISO 2709) : E-mail record : QR code < ปิดหน้าต่าง
LEADER : 00000nam 2200000uu 4500
001    13399111917
003     ULIB
008    110627s2552||||th 000 0 tha d
020    9789741095742
090    นว.^bซ141ป 2552
100 0  ซันชาย, ฮิเดโก๊ะ
245 00 ปฏิบัติการแอบถ่ายหัวใจเจ้าชายเย็นชา/^cซันชาย, ฮิเดโก๊ะ
250    พิมพ์ครั้งที่ 1
260    กรุงเทพฯ :^bแจ่มใส,^c2552
300    292 หน้า
710 1  แจ่มใส
945    ^p199^l0^i027274
995    ทศพร
999 ^a ใช้งานได้ทุกระบบ
รายการนี้ยังไม่มีแท็ก
คุณยังไม่ได้ล็อกอิน คุณสามารถมีกิจกรรมร่วมกับเว็บไซต์ได้ แต่ต้องล็อกอินก่อน ::
  ล็อกอิน

รายการสื่อสารสนเทศ

ลำดับที่ ประเภท เลขเรียก/บาร์โค้ด สถานที่ สถานะ
- ไม่พบข้อมูล -

BibComment


ยังไม่เคยถูกคอมเมนท์

คอมเมนท์ทรัพยากรรายการนี้
  คอมเมนท์: ปฏิบัติการแอบถ่าย..


 Copyright 2026. Bcnsprnw @Library